Bento, cabeçaa de vento (Registo nº 6062)
[ vista simples ]
| 000 -Etiqueta do registo | |
|---|---|
| Valores | 00773cam a2200265 04500 |
| 010 ## - Número ISBN | |
| ISBN | 9722104896 |
| 021 ## - Número do Depósito Legal | |
| Número | 34937/90 |
| 100 ## - Dados gerais de processamento | |
| Dados gerais | 20211231e19901986c||y0pory5003 ba |
| 200 1# - Titulo e menção de responsabilidade | |
| Título próprio | Bento, cabeçaa de vento |
| Primeira menção de responsabilidade | Lucien-Guy e Claude-Rose Touati |
| Outras menções de responsabilidade | il. Corderoc'h |
| 210 ## - Publicação | |
| Local de publicação | Lisboa |
| Nome do editor | Caminho |
| Data de publicação | 1990 |
| 215 ## - Descrição física | |
| Paginação / Volumes | [28] p. |
| Outras indicações físicas | il. |
| Dimensões | 25 cm |
| 225 2# - Colecção | |
| Título próprio da colecção | Começo a ler |
| 304 ## - Nota relativa ao título | |
| Texto de nota | Tit. orig. Linot, t�ete de Linotte |
| 606 ## - Nome comum usado como assunto | |
| ID Autoridade | 14 |
| Palavra de ordem | Literatura infantil |
| 606 ## - Nome comum usado como assunto | |
| ID Autoridade | 13 |
| Palavra de ordem | Literatura Estrangeira |
| 675 ## - CDU | |
| Notação | 82-93 |
| Edição | BN |
| Língua | por |
| 675 ## - CDU | |
| Notação | 821.1/.8 |
| Edição | BN |
| Língua | por |
| 700 ## - Autor principal (pessoa individual) | |
| Apelido | Guy |
| Nome | Lucien |
| ID Autoridade | 5767 |
| 701 ## - Co-autor principal (pessoa individual) | |
| Apelido | Touati |
| Nome | Claude-Rose |
| Datas | 1947- |
| ID Autoridade | 5768 |
| 702 ## - Autor secundário (pessoa individual) | |
| Apelido | Corderoc'h |
| ID Autoridade | 4555 |
| 801 #0 - Fonte de origem | |
| País | PT |
| Agência | BMVN |
| Regras de catalogação | RPC |
| 830 ## - Notas gerais do catalogador | |
| Criado por | Ana Caetano |
| Data de criação | 31/12/2021 |
| 990 ## - Elementos KOHA | |
| Tipo de documento | Livro |
| Situação do levantamento | Biblioteca de origem | Código de barras | Cota | Permissão de empréstimo | Tipo de documento | Forma de aquisição |
|---|---|---|---|---|---|---|
| Biblioteca Municipal de Vendas Novas | 100000015099 | LI EST/LUC | Livro |